000 00225nam a2200097Ia 4500
008 190216s9999||||xx |||||||||||||| ||und||
100 _aPandey B P
245 2 _aA Text Book Of Botany Pteridophytes
260 _bNull
942 _cBK
999 _c1270
_d1270